| 000 | 01287nam a22002537a 4500 | ||
|---|---|---|---|
| 999 |
_c57189 _d57189 |
||
| 003 | Ge_BSU | ||
| 005 | 20191224161236.0 | ||
| 008 | 191224s2018 ||||| |||| 00| 0 geo d | ||
| 020 | _a2587-490 X | ||
| 041 | _ageo | ||
| 080 | _a94(5)(063)+32+930 ა-94 | ||
| 245 |
_aაღმოსავლეთმცოდნეობის მაცნე : _bI / _cრედ. ემზარ მაკარაძე ; ტომის რედ . მანუჩარ ლორია. |
||
| 264 |
_aთბილისი: _bდანი, _c2018. |
||
| 300 |
_a149 გვ.: _c20 სმ. |
||
| 504 | _aბიბლიოგრ. ტექსტების ბოლოს | ||
| 546 | _aპარალ სათ. ინგლ | ||
| 653 | _aისტორია | ||
| 653 | _aპოლიტიკა | ||
| 653 | _aწყაროთმცოდნეობა | ||
| 700 |
_aმაკარაძე, ემზარ _eრედაქტორი _94143 |
||
| 700 |
_aლორია, მანუჩარ _eტომის რედაქტორი _92194 |
||
| 710 |
_eბსუ, ჰუმანიტარულ მეცნიერებათა ფაკ-ტი, აღმოსავლეთმცოდნეობის დეპ-ტი _95953 |
||
| 942 |
_2udc _cBK |
||